[Event "Sauerland Bezirksklasse"]
[Site "Sauerland"]
[Date "2001.01.14"]
[Round "4"]
[White "Sztajnykier, Jan"]
[Black "Schaefer, Arnold"]
[Result "0-1"]
[WhiteElo "1528"]
[BlackElo "1357"]
[PlyCount "136"]
[EventDate "2000.09.03"]
[EventType "team-tourn"]
[EventRounds "7"]
[EventCountry "GER"]
[SourceTitle "EXT 2007"]
[Source "ChessBase"]
[SourceDate "2006.11.23"]
[SourceVersion "1"]
[SourceVersionDate "2006.11.23"]
[SourceQuality "1"]
[WhiteTeam "Werdohl"]
[BlackTeam "Halver III"]
[WhiteTeamCountry "GER"]
[BlackTeamCountry "GER"]

1. e4 e5 2. Nf3 d6 3. Nc3 Be7 4. d4 exd4 5. Nxd4 Nf6 6. Bd3 0-0 7. 0-0 c6 8. Re1 h6 9. Bf4 a6 10. h3 Qb6 11. Nb3 Nbd7 12. Re3 Ne5 13. Rg3 Kh8 14. Qd2 Ng8 15. Be3 Qd8 16. f4 Bh4 17. Rxg7 Kxg7 18. fxe5 dxe5 19. g3 Bg5 20. h4 Bxe3+ 21. Qxe3 Bg4 22. Rf1 Qd6 23. Nd1 Bxd1 24. Rxd1 Qg6 25. Rf1 Nf6 26. Rf5 Ng4 27. Qf3 Kg8 28. Be2 f6 29. Qxg4 Qxg4 30. Bxg4 b6 31. Rf2 Kf7 32. Bf5 Rad8 33. h5 Rd1+ 34. Rf1 Rfd8 35. Bg4 Rxf1+ 36. Kxf1 Rg8 37. Be2 Rxg3 38. Bxa6 Rh3 39. Kg2 Rxh5 40. Nd2 Rg5+ 41. Kf2 Ke7 42. a4 Rg8 43. b3 Rb8 44. Bd3 Kd6 45. Nc4+ Kc7 46. Ne3 Rg8 47. Be2 Rd8 48. Bd3 Rg8 49. Kf3 h5 50. Nf5 Rg1 51. Nh4 Rg8 52. Be2 Rg1 53. Ng2 Kd6 54. Kf2 Rh1 55. Kg3 Kc5 56. Ne3 Kd4 57. Nf5+ Kc3 58. Bd3 Rg1+ 59. Kh4 Rh1+ 60. Kg3 Kb4 61. Kg2 Rc1 62. Ne3 Kc3 63. Kf2 h4 64. Kf3 Rg1 65. Nd1+ Rxd1 66. Kg2 Rd2+ 67. Kh3 Rxc2 68. Bc4 Kd4 0-1